000 00387cam a22001337a 4500
008 180718b2008 xxu||||| |||| 00| 0 eng d
020 _a9780415424349
082 _aT33 B893
245 _aThe corporate social responsibility reader
_cedited by Jon Burchell
260 _aOxon
_bRoutledge
_c2008
300 _a301p.
650 _aSocial responsibility of business
700 _aBurchell, Jon
999 _c426536
_d426536